| 000 | 00659nam a2200229Ia 4500 | ||
|---|---|---|---|
| 005 | 20241129111204.0 | ||
| 008 | 241129s9999||||xx |||||||||||||| ||und|| | ||
| 020 | _a978-93-90680-66-5 | ||
| 037 | _aTB | ||
| 040 |
_aCRL _beng _cCRL |
||
| 041 |
_aeng _2eng |
||
| 084 |
_aQ40r6 R3 _qCRL |
||
| 100 |
_aLillie Arthur Au. _9723577 |
||
| 245 | 0 |
_aInfluence of buddhism on primitive christianity _cLillie Arthur Au. |
|
| 260 |
_aJaipur, India _bHilltop Publications _c2023 |
||
| 300 | _avi,148p. | ||
| 365 |
_aINR _b1125 |
||
| 546 | _aTranslated from Sanskrit to Hindi | ||
| 650 | _aBuddhism | ||
| 942 |
_cTB _hQ40r6 R3 |
||
| 999 |
_c1229314 _d1229314 |
||